Integración y Cooperación en América Latina

Shranjeno v:
Bibliografske podrobnosti
Glavni avtor: Salazar Carrillo, Jorge Antonio
Korporativna značnica: ILDES
Format: Texto
Izdano: Campinas: ILDES
Oznake: Označite
Brez oznak, prvi označite!

MARC

LEADER 00000 a a2200000 04500
001 23019
003
040 |a CRAI/IIS  |c CRAI/IIS 
090 |a 154101  
100 |a Salazar Carrillo, Jorge Antonio  
110 |a ILDES  
245 |a Integración y Cooperación en América Latina  
260 |a Campinas:   |b ILDES  
300 |a 358 p  
999 |c 7126  |d 7126